| 000 | 00542nam a2200181 i 4500 | ||
|---|---|---|---|
| 001 | 100281 | ||
| 003 | ES-MaACL | ||
| 005 | 20250331063057.0 | ||
| 007 | t| | ||
| 008 | 050926s1970 sp ||||1| spa d | ||
| 100 | 1 |
_aMarx, Karl, _d1818-1883 _978590 |
|
| 245 | 1 | 0 |
_aContribución a la crítica de la economía política / _cCarlos Marx; [versión J. Merino]. |
| 260 |
_aMadrid : _bA. Corazón, _c1970. |
||
| 300 |
_a312 p. ; _c18 cm. |
||
| 700 | 1 |
_aMerino, José. _980519 |
|
| 852 |
_aES-MaACL _jC-47661 _bR.74886 |
||
| 999 |
_c100281 _d100281 |
||